| 000 | 01596nac a22003131u 4500 | ||
|---|---|---|---|
| 008 | 080806t xxu||||| |||| 00| 0 eng d | ||
| 010 | _a 2004061622 | ||
| 020 | _a0071453059 (acid-free paper) | ||
| 082 | 0 | 0 |
_a628.1 _bGIS |
| 100 |
_a20080729 _919257 |
||
| 110 |
_aWater Environment federation _919258 |
||
| 245 | 0 | 0 |
_aGIS Implementation for Water and Wastewater Treatment Facilities / _cWater Environment Federation. |
| 260 |
_aNew York : _bMcGraw-Hill,2005 _cc2005. |
||
| 300 |
_axxii, 242 p. : _bill. ; _c25 cm. |
||
| 490 | 1 |
_aWEF manual of practice ; _vno. 26 _919259 |
|
| 500 | _aPrepared by Implementing Geographic Information Systems Task Force of the Water Environment Federation. | ||
| 504 | _aIncludes bibliographical references and index. | ||
| 511 | _acatalogued by: wessam | ||
| 650 | 0 |
_aWater treatment plants. _919260 |
|
| 650 | 0 |
_aSewage disposal plants. _919261 |
|
| 650 | 0 |
_aGeographic information systems. _919262 |
|
| 710 | 2 |
_aWater Environment Federation. _bImplementing Geographic Information Systems Task Force. _919263 |
|
| 830 | 0 |
_aManual of practice ; _919264 |
|
| 856 | 4 | 2 |
_3Publisher description _uhttp://www.loc.gov/catdir/description/mh051/2004061622.html |
| 856 | 4 | 2 |
_3Contributor biographical information _uhttp://www.loc.gov/catdir/bios/mh051/2004061622.html |
| 856 | 4 | 2 |
_3Table of contents _uhttp://www.loc.gov/catdir/toc/mh051/2004061622.html |
| 942 |
_cBB _k628.1 GIS _2ddc |
||
| 999 |
_c6840 _d6840 |
||